Eye and brain : (Record no. 352315)

000 -LEADER
fixed length control field 00809 a2200277 4500
003 - CONTROL NUMBER IDENTIFIER
control field OSt
005 - DATE AND TIME OF LATEST TRANSACTION
control field 20180116192330.0
008 - FIXED-LENGTH DATA ELEMENTS--GENERAL INFORMATION
fixed length control field 120209t xxu||||| |||| 00| 0 eng d
010 ## - LIBRARY OF CONGRESS CONTROL NUMBER
LC control number 79106701
020 ## - INTERNATIONAL STANDARD BOOK NUMBER
International Standard Book Number 0070246653
040 ## - CATALOGING SOURCE
Transcribing agency 0
082 00 - DEWEY DECIMAL CLASSIFICATION NUMBER
Classification number 152.14
100 1# - MAIN ENTRY--PERSONAL NAME
Personal name Gregory, R. L.
245 10 - TITLE STATEMENT
Title Eye and brain :
Remainder of title the psychology of seeing /
Statement of responsibility, etc. R. L. Gregory.
250 ## - EDITION STATEMENT
Edition statement 3rd ed., rev. and updated.
260 ## - PUBLICATION, DISTRIBUTION, ETC.
Place of publication, distribution, etc. New York :
Name of publisher, distributor, etc. McGraw-Hill,
Date of publication, distribution, etc. 1978, c1977.
300 ## - PHYSICAL DESCRIPTION
Extent 256 p. :
Other physical details ill. ;
Dimensions 19 cm.
490 0# - SERIES STATEMENT
Series statement World university library
490 0# - SERIES STATEMENT
Series statement McGraw-Hill paperbacks
500 ## - GENERAL NOTE
General note Includes index.
650 #0 - SUBJECT ADDED ENTRY--TOPICAL TERM
Topical term or geographic name entry element Visual perception.
650 #0 - SUBJECT ADDED ENTRY--TOPICAL TERM
Topical term or geographic name entry element Size perception
650 #0 - SUBJECT ADDED ENTRY--TOPICAL TERM
Topical term or geographic name entry element Vision
942 ## - ADDED ENTRY ELEMENTS (KOHA)
Institution code [OBSOLETE] SADA
Koha item type Book
Call number prefix 152.14 GRE 1978
Source of classification or shelving scheme
Holdings
Withdrawn status Lost status Source of classification or shelving scheme Damaged status Not for loan Permanent Location Current Location Date acquired Total Checkouts Full call number Barcode Date last seen Date last checked out Cost, replacement price Price effective from Koha item type
          School of Art Design and Architecture (SADA) School of Art Design and Architecture (SADA) 08/31/2010 2 152.14 GRE 1978 SADA0000079 04/02/2012 03/22/2012 1902.00 08/05/2011 Book
© 2023 Central Library, National University of Sciences and Technology. All Rights Reserved.